MDQL
is popping MORE tags! Check the
thread
!
Quizzes
Events
Quiz Creation
Community
Videos
Private Events
Remove Ads
Sign In
Join for FREE
Feedback
Dark Mode
Quiz Categories
Sports
Geography
Music
Movies
Television
Just For Fun
Miscellaneous
History
Literature
Language
Science
Gaming
Entertainment
Religion
Holiday
For Kids
Quiz Lab
Recent
Popular Today
Quiz Kudos Today
Editor Picks
Curator Picks
Quizzes by...
Day
Popularity
Type
Ratings
Length
Year
Community
Subscriptions
Recent Discussions
Orange Saloon
Badges
Playlists
Quests
Create
Leaderboards
Showdown
Live 5
Trivia Bingo
Activity
Puzzle Library
Sporcle Events
Private Events
Virtual Trivia
Globe League
Become a Host
Pub Owners
SporcleCon
Opinionation
Our Games
Videos
Blog
Mobile Apps
Partnerships
Remove Ads and Go Orange
Feedback
Movies
Disney
Marvel Cinematic Universe
Movie Resume
Movie Titles
Oscar
Actor
Actress
Director
Pixar
Role
Movie Quotes
Movie Characters
Box Office
Nominee
Best Picture
Star Wars
James Bond
Horror Movies
Movies
Disney
Marvel Cinematic Universe
Movie Resume
Movie Titles
Oscar
Actor
Actress
Director
Pixar
Role
Movie Quotes
Movie Characters
Box Office
Nominee
Best Picture
Star Wars
James Bond
Horror Movies
Random Quiz
Search Sporcle
×
Quiz Lab
Quiz Lab
Movies
Gerard Butler
Type in answers that appear in a list
Type in answers that appear in a list
Classic
Best Score? Go Orange.
300: Leonidas Meets With Daxos Stats
Can You Name The Talk Leonidas Has With Daxos
By
Wisdom1786
3m
58 Questions
66 Plays
66 Plays
66 Plays
Comments
Comments
Give Quiz Kudos
Give Quiz Kudos
-
- Ratings
hide this ad
More Info
Replay
Link that replays current quiz
Next Quiz
Link to next quiz in quiz playlist
You Got
0%
They Got
Avg Score
57%
Avg Friend Score
Upgrade to see
Score Distribution
Jump to the score distribution portion of the page
Score
0/58
Timer
03:00
0
Plays Today
To The
Thermopylae Pass
% Correct
Leonidas Points To An Arcadian Soldier:
You
90.9%
You
90.9%
Leonidas Points To Another Arcadian Soldier:
You?
90.9%
Leonidas Turns To Daxos:
You
90.9%
You
90.9%
What
87.9%
What
87.9%
What
87.9%
Is
84.8%
A
84.8%
Leonidas Points To Another Arcadian Soldier:
And
84.8%
Is
84.8%
Is
84.8%
Your
83.3%
Your
83.3%
Your
83.3%
Daxos:
I
72.7%
I
72.7%
Profession?
72.7%
Arcadian Soldier:
I
72.7%
Profession?
72.7%
Leonidas Turns Around & Shouts To The Spartans:
Spartans!
72.7%
Profession?
72.7%
I
72.7%
Soldiers
72.7%
See
69.7%
See
69.7%
Brought
65.2%
More
65.2%
To The
Thermopylae Pass
% Correct
Than
65.2%
Am
62.1%
Arcadian Soldier:
Blacksmith
59.1%
Sir
57.6%
Sir
57.6%
There
48.5%
Spartans:
WAR!
48.5%
WAR!
48.5%
WAR!
48.5%
Friend?
48.5%
Arcadian
47%
Old
39.4%
To
37.9%
To
37.9%
Potter
37.9%
Arcadian Soldier:
Sculptor
27.3%
Leonidas:
Sculptor
27.3%
Sparta's
25.8%
Our
24.2%
Wrong
21.2%
At
21.2%
Was
19.7%
It?
19.7%
Least
18.2%
Match
18.2%
Own
18.2%
Commitment
13.6%
Expect
12.1%
Leonidas:
Doesn't
10.6%
Quiz Playlist
Details
Report
Send in Message
Add To Playlist
More Info:
On their way to The Hot Gates Leonidas and his 300 meet Daxos & Arcadian Soldiers, can you name their exchange of words?
Classic:
Type in answers that appear in a list
Last Updated: Feb 16, 2017
Quiz Scoreboard
CHALLENGE
Sign Up to Join the Scoreboard
Show All
Scores
Hide
Comments
May contain spoilers
Recently Published
1-10 Letter E Words III
by El_Dandy
Language
2m
Street Fighter Characters
by Artimus82
Gaming
60s
College Basketball Coaching Resumes
by pancakes188
Sports
9m
More to Explore
Quiz From the Vault
Featured Blog Post
Where Did the Easter Bunny Come From?
hide this ad
You Might Also Like...
Tags
Gerard Butler
Today's Top Quizzes in Movies
Browse Movies
hide this ad
Top Contributed Quizzes in Movies
1
Pick 5 Posters: Directed by Spielberg
2
7-to-1: Pixar Characters
3
Hidden Star Wars Character II
4
Hidden Star Wars Character III
5
Pick 5 Posters: Lowest-Rated Spielberg
6
Sorting Actresses
7
Sorting Actors
8
Hidden Star Wars Character IV
9
Hidden Star Wars Character V
10
Pick 5 Posters: Directed by Scorsese
Explore More
Trending Topics
Harry Potter
Kpop
NBA
Marvel
Anime
Crossword
Disney
Puzzle
Pokémon
WWE
Country
Soccer
NFL
Song
The Office
hide this ad
More By:
Wisdom1786
Quiz
Plays
Rating
Category
Featured
Created
Dirty Harry's Speech
15,406
4.70
Movies
Jan 5, 2011
How Well Do You Know Tommy Oliver?
1,410
5.00
Just For Fun
Nov 21, 2014
Jurassic World Survivor or Non-Survivor
1,234
1.89
Movies
Sep 17, 2015
Home Alone 2: Airport Scene
956
5.00
Movies
Dec 24, 2013
Name The That 70s Show Gangs Other Names
810
1.75
Television
Jun 28, 2011
Go to Creator's Profile
Score Distribution
Quiz Creator Spotlight
Wisdom1786
Follow
Send a Message
Quizzes Created
-
Created Quiz Play Count
-
More By This Creator
Popular Quizzes Today
1
Find the US States - No Outlines Minefield
2
Find the Countries of Europe - No Outlines Minefield
3
The Countries of the World
4
Find the US States
5
Risky Map Clicking: Biggest States A-Z
6
US States
7
Popular People in 1961
8
Movies - When Are They Set?
More Movies Quizzes
Top Grossing 'N' Movies Before 2020
Published
Trending Quizzes
Risky Map Clicking: Least Populous States A-Z
1-10 Letter G Words
USA Borders Longest to Shortest
1-10 Letter F Words
Countries of the World: 200 Million BC
Recently Updated
Leaping Animals
pecheneg
Reality TV Shows (A-Z)
bhenderson79
Rickey Henderson's Hall of Fame Teammates
pecheneg
Champions League XIs: Arsenal
pecheneg
Quick Pick: Celebrities in WWE's Hall of Fame
aduchscher
A-Z Keypad Blitz II
pecheneg
Multiple Oscar Actors
pecheneg
Mystery Phrase Blitz: Oscar 'Best Actors'
pecheneg
F. Scott Fitzgerald Novels
LTH
Pick 3 Villains
ddd62291
Trending Topics
Disney
Harry Potter
NBA
Marvel
Crossword
Kpop
Anime
WWE
Pokémon
The Office
NFL
Puzzle
Country
Song
Soccer
Your Account Isn't Verified!
In order to create a playlist on Sporcle, you need to verify the email address you used during registration. Go to your
Sporcle Settings
to finish the process.
Report this User
Report this user for behavior that violates our
Community Guidelines
.
Details:
Send Report
Go to the Sporcle.com Mobile Site →
Comments